000 00768nam a22002417a 4500
003 DO-SdBPM
005 20241219124551.0
008 151111b 2008 sp 00| 0 spa d
020 _a9788432212512
040 _a DO-SdBPM
_bspa
_cBPMSU
082 4 _a863.6
_bC112e 2008
_222
100 1 _aCaballero Bonald, José Manuel,
_d1926-
245 1 0 _aEn la casa del padre /
_cJosé Manuel Caballero Bonald.
260 _aBarcelona :
_bSeix Barral,
_c2008
300 _a317 p. ;
_c23 cm.
490 0 _aBiblioteca breve
500 _aIncluye datos biográficos del autor en la solapa de la cubierta.
590 _aInveantariado, 2024/VM
650 4 _a Novela española
650 4 _aLiteratura española
910 _aVMateo V. Control de calidad. BPMSU
942 _2ddc
_cBK
999 _c8652
_d8652